000 00643nam a2200217Ia 4500
003 GCL
008 140319s9999 xx 000 0 ara d
040 _aGCL /
_cGCL
082 0 4 _aط
_b813.0873
_bا س
100 1 _aعبدالحميد توفيق
245 1 0 _aمعاذ بن عمرو /
_cعبدالحميد توفيق
700 1 _aاحمد عبدالرازق
260 _aالقاهرة :
_bسفير ،
_c1993
300 _a31 ص
490 _aسلسلة فنية الاسلام
_v0
650 0 4 _aالاطفال
650 0 4 _aالقصص
650 0 4 _aقصص الاطفال
650 0 4 _aالقصص الدينية
942 _2ddc
_cBK
999 _c56830
_d56830